Oscillations in mathematical biology
Salvato in:
| Autore principale: | |
|---|---|
| Natura: | Libro |
| Lingua: | inglese |
| Pubblicazione: |
Berlín
Springer-Verlag
1983
|
| Serie: | Lecture Notes in Biomathematics, 51
|
| Soggetti: | |
| Tags: |
Aggiungi Tag
Nessun Tag, puoi essere il primo ad aggiungerne!!
|
MARC
| LEADER | 00000nam a2200000 a 4500 | ||
|---|---|---|---|
| 001 | UCS0933 | ||
| 003 | CL-VaPUC | ||
| 005 | 20230718074443.0 | ||
| 008 | 970428e19830000gw 1 eng d | ||
| 082 | 0 | 4 | |a 570.15195 |b HOD |2 21 |
| 100 | 1 | |a Hodgson, J. P |e author |9 618388 | |
| 245 | 1 | 0 | |a Oscillations in mathematical biology |
| 260 | |a Berlín |b Springer-Verlag |c 1983 | ||
| 300 | |a 196 p | ||
| 490 | 0 | |a Lecture Notes in Biomathematics, 51 | |
| 583 | |a last modification |c 19970428 00:00:00 |k Rodrigo Vera | ||
| 650 | 0 | 7 | |a BIOMATEMATICAS |2 CL-VaPUC |9 260148 |
| 650 | 0 | 0 | |a Matemática |9 260235 |
| 650 | 0 | 0 | |a Biología |9 262022 |
| 650 | 0 | 7 | |a MAMIFEROS |2 CL-VaPUC |9 266111 |
| 650 | 0 | 7 | |a MODELOS DINAMICOS |2 CL-VaPUC |9 384805 |
| 650 | 0 | 0 | |a Congresos |9 257560 |
| 942 | |c BK | ||
| 945 | |a rleighto |d 19970428 00:00:00 | ||
| 546 | |a En Inglés | ||
| 518 | |p Proceedings of a Conference held at Adelphi University, Adelphi, April 19, 1982 | ||
| 999 | |c 382929 |d 382927 | ||